<?xml version="1.0" encoding="UTF-8"?><?xml-stylesheet type="text/xsl" href="static/style.xsl"?><OAI-PMH xmlns="http://www.openarchives.org/OAI/2.0/" xmlns:xsi="http://www.w3.org/2001/XMLSchema-instance" xsi:schemaLocation="http://www.openarchives.org/OAI/2.0/ http://www.openarchives.org/OAI/2.0/OAI-PMH.xsd"><responseDate>2026-04-17T01:22:06Z</responseDate><request verb="GetRecord" identifier="oai:www.recercat.cat:2099.1/20555" metadataPrefix="marc">https://recercat.cat/oai/request</request><GetRecord><record><header><identifier>oai:recercat.cat:2099.1/20555</identifier><datestamp>2025-07-22T21:11:43Z</datestamp><setSpec>com_2072_1033</setSpec><setSpec>col_2072_452951</setSpec></header><metadata><record xmlns="http://www.loc.gov/MARC21/slim" xmlns:dcterms="http://purl.org/dc/terms/" xmlns:xsi="http://www.w3.org/2001/XMLSchema-instance" xmlns:doc="http://www.lyncode.com/xoai" xsi:schemaLocation="http://www.loc.gov/MARC21/slim http://www.loc.gov/standards/marcxml/schema/MARC21slim.xsd">
   <leader>00925njm 22002777a 4500</leader>
   <datafield ind2=" " ind1=" " tag="042">
      <subfield code="a">dc</subfield>
   </datafield>
   <datafield ind2=" " ind1=" " tag="720">
      <subfield code="a">Marcé Olives, Oscar</subfield>
      <subfield code="e">author</subfield>
   </datafield>
   <datafield ind2=" " ind1=" " tag="260">
      <subfield code="c">2014-01-08</subfield>
   </datafield>
   <datafield ind2=" " ind1=" " tag="520">
      <subfield code="a">Al present projecte es defineixen les característiques principals per al disseny i&#xd;
dimensionat de la instal·lació de protecció contra incendis, de ventilació, d’aire&#xd;
comprimit, de il·luminació, elèctrica y d’automatització d’una nau industrial&#xd;
dedicada al sector del motor.&#xd;
El projecte esta compost per tres volums, formats pels següents documents&#xd;
bàsics:&#xd;
Volum I:&#xd;
- Memòria&#xd;
- Pressupost&#xd;
- Plec de condicions                     Volum II:&#xd;
- Annexa I: Càlculs&#xd;
- Annexa II: Estudi lumínic. Il·luminació interior&#xd;
- Annexa III: Estudi lumínic. Il·luminació d’emergència&#xd;
- Annexa IV: Instruccions per l’instal·lador&#xd;
Volum III:&#xd;
- Plànols</subfield>
   </datafield>
   <datafield tag="653" ind2=" " ind1=" ">
      <subfield code="a">Àrees temàtiques de la UPC::Energies::Energia elèctrica</subfield>
   </datafield>
   <datafield tag="653" ind2=" " ind1=" ">
      <subfield code="a">Electric wiring</subfield>
   </datafield>
   <datafield tag="653" ind2=" " ind1=" ">
      <subfield code="a">Instal·lacions elèctriques</subfield>
   </datafield>
   <datafield ind2="0" ind1="0" tag="245">
      <subfield code="a">Proyecto de electrificación y automatización de una nave industrial</subfield>
   </datafield>
</record></metadata></record></GetRecord></OAI-PMH>